Normal view
MARC view
Entry Topical Term
001 - CONTROL NUMBER
- control field: 34563
003 - CONTROL NUMBER IDENTIFIER
- control field: dpl
005 - DATE AND TIME OF LATEST TRANSACTION
- control field: 20110906145023.0
008 - FIXED-LENGTH DATA ELEMENTS
- fixed length control field: 110906|||a|||||| | ||| d
040 ## - CATALOGING SOURCE
- Original cataloging agency: dpl
- Transcribing agency: dpl
150 ## - HEADING--TOPICAL TERM
- Topical term or geographic name as entry element:
- Geographic subdivision: India--Hugli (District)
670 ## - SOURCE DATA FOUND
- Source citation: Work cat.: (dpl)56425: Basu, Jyotish Prakash. 34559, Marketing efficiency and marketing channels :, 2008
670 ## - SOURCE DATA FOUND
- Source citation: Work cat.: (dpl)56425: Basu, Jyotish Prakash. 34559, Marketing efficiency and marketing channels :, 2008
